02602nam a2200385Ia 450000500170000000800410001702000150005808200220007311000590009524501890015425000190034330000420036265000440040465000350044865000460048370000610052971000590059094200120064926400600066133600270072133700330074833800280078104000350080999900150084495201360085995201380099595201360113395201350126995201360140495201330154095201340167395201360180795201360194395201370207920220317000659.0160601s1992 ck a g 000 0 spa  a958923909904a746.0986151bM87c1 aMuseo de Artes y Tradiciones Populares. Bogotá9693410aArtesanía, comunidad y desarrollo, memoria y futuro bcomunidad indígena Waunana, Chocó cMuseo de Artes y Tradiciones Populares, Asociación Colombiana de Promoción Artesanal a1a. edición  a53 páginas bilustraciones c23 cm 142LEMBaArtesanías xAspectos sociales 142LEMBaArtesanías colombianas142LEMBaComunidades indígenas zColombia 1 aQuiceno, Pedro, ill. Rincón, Soniaeilustrador 9525171 aAsociación Colombiana de Promoción Artesanal96944 2ddccBK aBogotá bMuseo de Artes y Tradiciones Popularesc1992 atextobtxt2rdacontent asin mediaciónbn2rdamedia avolumenbnc2rdacarrier aCO-BoRNBPbspaerdacCO-BoRNBP c4756d4756 00102ddc40708GENaMEDORADObMEDORADOcGENd2023-01-12l0o746.0986151 M87cpDOR00749r2023-01-12 00:00:00tEj.1w2023-01-12yBK 00102ddc40708GENaMEGUAMALbMEGUAMALcGENd2023-03-29l0o746.0986151 M87cpGUA002814r2023-03-29 00:00:00tEj.1w2023-03-29yBK 00102ddc40708GENaMEPRICObMEPRICOcGENd2023-04-04l0o746.0986151 M87cpPR00000880r2023-04-04 00:00:00tEj.1w2023-04-04yBK 00102ddc40708GENaMECASTILbMECASTILcGENd2023-06-28l0o746.0986151 M87cpEC00889r2023-06-28 00:00:00tEj.1w2023-06-28yBK 00102ddc40708GENaMESMARTIbMESMARTIcGENd2023-08-17l0o746.0986151 M87cpSM002361r2023-08-17 20:41:41tEj.1w2023-08-17yBK 00102ddc40708GENaMEMAPIRIbMEMAPIRIcGENd2024-01-09l0o746.0986151pMAP0000909r2024-01-09 15:58:21tEj.1w2024-01-09yBK 00102ddc40708GENaMEURIBEbMEURIBEcGENd2024-08-14l0o746.0986151 M87cpURI00949r2024-08-14 10:49:34tEj.1w2024-08-14yBK 00102ddc40708GENaMEPLOPEZbMEPLOPEZcGENd2025-07-30l0o746.0986151 M87cpPLZ02601r2025-07-30 16:06:50tEj.1w2025-07-30yBK 00102ddc40708GENaMELEJANIbMELEJANIcGENd2025-10-29l0o746.0986151 M87cpLEJ01234r2025-10-29 14:33:50tEj.1w2025-10-29yBK 00102lcc40708GENaMEPCONCObMEPCONCOcGENd2026-02-24l0o746.0986151 M87cpPCON02268r2026-02-24 15:13:52tEj.1w2026-02-24yBK